000 00284nam a2200109Ia 4500
008 220204s9999 xx 000 0 und d
082 _a017
_bHAM
245 0 _aPublic and private morality
260 _aCambridge
_bCambridge University
_c1978
700 _aHampshire, Stuart
942 _cBK
999 _c33248
_d33248